00429nam a2200133 i 450000100060000000300090000600500170001500700030003200800410003510000430007624500990011926000560021885200210027468779ES-MaACL20250730063111.0t|040708s1881 sp ||||1| spa d1 aGinard de la Rosa, Rafael, d1848-191810aTragedias de mar y tierra b: recuerdos y narraciones del Oriente /cRafael Ginard de la Rosa. aMadrid : b[s.n.], c1881 (fImp. Alvarez Hermanos) aES-MaACLjG-8035